000 00663nam a2200157 a 4500
008 160405s2008 ||||||||||||||||| || u
020 _a9788184483529
050 _aRC 58 Sha
100 _aShaikh, Zakirhusain
245 1 0 _aEleventh hour: a quick revision guide for PG entrance examinations
_cBy Zakirhusain Shaikh
260 _aNew Delhi
_bJaypee Brothers Medical publishers
_c2008
300 _ax, 296p.
350 _a3.32
650 _aMEDICAL COLLEGES -- ENTRANCE EXAMINATIONS
995 _aMEDICAL LIBRARY OPEN ACCESS
_e903499
_FCBU-SCHOOL OF MEDICINE LIBRARY (Ndola)
_I3.32
_jRC 58 Sha
_M1
_UAVAILABLE
_WApr 14, 2016
_y903499
_ZMedical Library Open Access Collection
999 _c31319
_d31319